000 00762nam a22002057a 4500
008 090305t xxu||||| |||| 00| 0 eng d
010 _aENG-93099
020 _c200.00
035 _aEN-76632
037 _bDBAD / PUB
040 _adpl
_bEnglish
082 _a338.954
100 _aPandey, Shridhar
245 _aModern economic development and socio-cultural crisis in India /
_cby Shridhar Pandey
260 _aPatna
_bMoti Lal Banarasi Das
_c2005
270 _aChawhatta
_bPatna
_e800004
300 _a116p.
_c20cm (pbk)
942 _2ddc
_cEN
_mPAN
_h338.954
999 _c24907
_d24907